| 000 | 00339nam a22001331a 4500 | ||
|---|---|---|---|
| 082 |
_aM8 _bANI/O |
||
| 100 |
_aAnnie Thayyil _9172595 |
||
| 245 |
_aOru nimisham/ _cby Annie Thayyil |
||
| 260 |
_aCochin: _bThe Scholar Books, _c1992. |
||
| 300 | _a142p. | ||
| 650 |
_aLiterature Malayalam _9172596 |
||
| 650 |
_aLiterature _9172597 |
||
| 942 | _cBK | ||
| 999 |
_c32551 _d32551 |
||